Name the Countries that begin with KATNISS - Statistics

General Stats
  • This quiz has been taken 41 times
    31 since last reset
  • The average score is 46 of 74
Answer Stats
M % Correct
Kazakhstan
83%
Albania
79%
Argentina
76%
Australia
76%
India
72%
Indonesia
72%
South Africa
72%
Turkey
72%
Afghanistan
69%
Ireland
69%
Kiribati
69%
Kosovo
69%
Saint Lucia
69%
Slovakia
69%
South Korea
69%
Sweden
69%
Antigua & Barbuda
66%
Austria
66%
Azerbaijan
66%
Iran
66%
Iraq
66%
Italy
66%
Kenya
66%
Kyrgyzstan
66%
Namibia
66%
Samoa
66%
Senegal
66%
Serbia
66%
Slovenia
66%
Solomon Islands
66%
South Sudan
66%
Sudan
66%
Syria
66%
Turkmenistan
66%
Algeria
62%
Angola
62%
Israel
62%
Nicaragua
62%
Niger
62%
Nigeria
62%
Norway
62%
Saint Vincent & The Grenadines
62%
Somalia
62%
Spain
62%
Sri lanka
62%
Suriname
62%
Switzerland
62%
Armenia
59%
Iceland
59%
Saint Kitts & Nevis
59%
Tajikistan
59%
Tanzania
59%
Thailand
59%
Kuwait
55%
Nauru
55%
San Marino
55%
Seychelles
55%
Sierra Leone
55%
Taiwan
55%
Togo
55%
Tunisia
55%
Tuvalu
55%
Andorra
52%
Netherlands
52%
North Korea
52%
Sao Tome & Principe
52%
Tonga
52%
Trinidad & Tobago
52%
Nepal
45%
New Zealand
45%
North Macedonia
45%
Singapore
45%
Ivory Coast
38%
Saudi Arabia
38%
No matching quizzes found
Score Distribution
Percent of People with Each Score
Percentile by Number Answered
Your Score History
You have not taken this quiz since the last reset